Statistiques concernant Chef-lieu aléatoire par département

Cliquez ici pour prendre le quiz!

Statistiques générales

  • Ce quiz a été pris 547 fois
  • Le résultat moyen est 18 sur 20

Statistiques - réponses

HintRéponse% Correct
Lot-et-GaronneAgen
100%
Corse-du-SudAjaccio
100%
TarnAlbi
100%
OrneAlençon
100%
SommeAmiens
100%
CharenteAngoulême
100%
Haute-SavoieAnnecy
100%
Pas-de-CalaisArras
100%
CantalAurillac
100%
MeuseBar-le-Duc
100%
Haute-CorseBastia
100%
OiseBeauvais
100%
AinBourg-en-Bresse
100%
CalvadosCaen
100%
AudeCarcassonne
100%
Eure-et-LoirChartres
100%
IndreChâteauroux
100%
Haute-MarneChaumont
100%
Puy-de-DômeClermont-Ferrand
100%
Val-de-MarneCréteil
100%
Alpes-de-Haute-ProvenceDigne-les-Bains
100%
Côte-d'OrDijon
100%
EssonneÉvry
100%
MartiniqueFort-de-France
100%
IsèreGrenoble
100%
CreuseGuéret
100%
Charente-MaritimeLa Rochelle
100%
VendéeLa Roche-sur-Yon
100%
SartheLe Mans
100%
NordLille
100%
Haute-VienneLimoges
100%
JuraLons-le-Saunier
100%
RhôneLyon
100%
Bouches-du-RhôneMarseille
100%
Seine-et-MarneMelun
100%
MoselleMetz
100%
LandesMont-de-Marsan
100%
HéraultMontpellier
100%
Meurthe-et-MoselleNancy
100%
Hauts-de-SeineNanterre
100%
Loire-AtlantiqueNantes
100%
Alpes-MaritimesNice
100%
Deux-SèvresNiort
100%
LoiretOrléans
100%
DordognePérigueux
100%
Pyrénées-OrientalesPerpignan
100%
ViennePoitiers
100%
ArdèchePrivas
100%
FinistèreQuimper
100%
Ille-et-VilaineRennes
100%
Côtes-d'ArmorSaint-Brieuc
100%
La RéunionSaint-Denis
100%
LoireSaint-Étienne
100%
MancheSaint-Lô
100%
Bas-RhinStrasbourg
100%
VarToulon
100%
Haute-GaronneToulouse
100%
Indre-et-LoireTours
100%
AubeTroyes
100%
CorrèzeTulle
100%
MorbihanVannes
100%
YvelinesVersailles
100%
Haute-SaôneVesoul
100%
AriègeFoix
86%
VaucluseAvignon
80%
GirondeBordeaux
80%
EureÉvreux
80%
Hautes-AlpesGap
80%
Haute-LoireLe Puy-en-Velay
80%
DrômeValence
80%
YonneAuxerre
75%
GuadeloupeBasse-Terre
75%
Haut-RhinColmar
75%
Saône-et-LoireMâcon
75%
Tarn-et-GaronneMontauban
75%
Pyrénées-AtlantiquesPau
75%
Val-d'OisePontoise
75%
AveyronRodez
75%
Seine-MaritimeRouen
75%
SavoieChambéry
71%
Maine-et-LoireAngers
67%
DoubsBesançon
67%
Loir-et-CherBlois
67%
CherBourges
67%
GuyaneCayenne
67%
ArdennesCharleville-Mézières
67%
VosgesÉpinal
67%
AisneLaon
67%
MayenneLaval
67%
LozèreMende
67%
NièvreNevers
67%
GardNîmes
67%
Hautes-PyrénéesTarbes
67%
LotCahors
60%
Seine-Saint-DenisBobigny
50%
MarneChâlons-en-Champagne
50%
MayotteMamoudzou
50%
GersAuch
25%
Territoire de BelfortBelfort
0%
AllierMoulins
0%
ParisParis
0%

Distribution des résultats

Percentile par nombre de réponses

% des personnes avec chaque résultat

Votre développement - résultats

Vous n’avez pas pris ce quiz